| 000 | 00899nam a22003137a 4500 | ||
|---|---|---|---|
| 001 | BR2022000574 | ||
| 003 | BR-BrBNA | ||
| 005 | 20230928105646.0 | ||
| 007 | ta | ||
| 008 | 230509b bl.||||| |||| 00| 0 por d | ||
| 040 |
_aBR-BrBNA _bpor _cBiblioteca Nacional de Agricultura |
||
| 041 | _a(Por) | ||
| 072 | _aE40; D50 | ||
| 090 | _ E40 BR2022000574 | ||
| 110 | 1 | _aOrganização das Cooperativas Brasileiras, Brasília, DF (Brasil) | |
| 245 | 1 | _aRelatório de gestão 2017: somos plurais, somos colaborativos, somos coop | |
| 260 | 3 |
_aBrasília, DF (Brasil): _c2018. |
|
| 300 | _a123 p. | ||
| 500 | _a21 illus.; 13 tables | ||
| 650 | _aCOOPERATIVA | ||
| 650 | _aGESTÃO | ||
| 650 | _aLEGISLAÇÃO | ||
| 650 | _aMERCADO INTERNO | ||
| 650 | _aMERCADO EXTERNO | ||
| 650 | _aPOLÍTICAS PÚBLICAS | ||
| 650 | _aCAPACITAÇÃO | ||
| 909 |
_a202309 _bLucia _c55 _dLucia Elande |
||
| 942 | _cBK | ||
| 999 |
_c86080 _d86080 |
||